Statistiques concernant Les finales de l'Euroligue basket-ball

Cliquez ici pour prendre le quiz!

Statistiques générales

  • Ce quiz a été pris 299 fois
    (135 depuis la dernière actualisation)
  • Le résultat moyen est 8 sur 29

Statistiques - réponses

Club% Correct
Real Madrid
97%
FC Barcelone
93%
Partizan Belgrade
57%
Fenerbahçe
55%
CSKA Moscou
51%
CSP Limoges
51%
Anadolu Efes Istanbul
46%
Olimpia Milan
43%
Maccabi Tel-Aviv
42%
Virtus Bologne
39%
Fortitudo Bologne
35%
Žalgiris Kaunas
33%
Olympiakós Le Pirée
32%
Panathinaïkós Athènes
32%
AEK Athènes
25%
Tau Vitoria
13%
Virtus Rome
13%
Benetton Trévise
10%
Cibona Zagreb
10%
ASK Riga
7%
Pallacanestro Varese
7%
Slavia Prague
7%
Bosna Sarajevo
6%
KK Split
6%
Academic Sofia
4%
BC ŽS Brno
3%
Dinamo Tbilissi
3%
Joventut Badalona
3%
Pallacanestro Cantù
1%

Distribution des résultats

Percentile par nombre de réponses

% des personnes avec chaque résultat

Votre développement - résultats

Vous n’avez pas pris ce quiz depuis la dernière actualisation